Представление документа в формате RUSMARC

ПолеНазваниеЗначение
  Тип записи a
  Библиографический уровень m
001 Контрольный номер RU/SLIB/B/208710930
005 Дата корректировки 20231113165528.9
010 Индекс ISBN __
d Цена 40-00; 37-50
101 Язык документа 0_
a Язык текста rus
200 Заглавие и сведения об ответственности 0_
a Заглавие Толкование сновидений
f Первые сведения об ответственности Фрейд З.
b Общее обозначение материала Текст
210 Выходные данные 1_
a Место издания СПб.
c Издательство Алетейя
d Дата издания 1997
215 Физическое описание __
a Объем 663 с.
600 Персоналии _1
a Персоналии (Фамилия) Фрейд, З.
606 Тематические рубрики __
a Основная рубрика Психология
y Географическая подрубрика Австрия
2 Код системы nlr_sh
606 Тематические рубрики __
a Основная рубрика Особые состояния и явления психики
2 Код системы nlr_sh
610 Ключевые слова 0_
a Ключевые слова сновидения; психика; психоанализ; психоаналитические теории; толкование сновидений; толкование снов
686 Индексы других классификаций __
2 Код системы rubbks
a Классификационный индекс 88.282; ст88.28
700 Автор _1
a Фамилия Фрейд
b Имя З.
4 Код отношения 070
801 Источник записи _0
a Страна RU
b Организация Муниципальное бюджетное учреждение культуры "Централизованная библиотечная система" г. Сургут (Центральная городская библиотека им. А. С. Пушкина)
g Правила каталогизации PSBO
801 Источник записи _1
a Страна RU
b Организация Муниципальное бюджетное учреждение культуры "Централизованная библиотечная система" г. Сургут (Центральная городская библиотека им. А. С. Пушкина)
g Правила каталогизации PSBO
852 Данные о местонахождении __
j Шифр хранения 88.282
i Авторский знак Ф 86
p Инвентарный номер 68821; 67610
c Каталожный индекс 88.6
901 Тип документа __
t Тип документа m
a Ответственный КиК/Котельникова
903 Характеристики (МАРС) __
a Дата передачи 19980518
c Наименование библиотеки (МАРС) Муниципальное бюджетное учреждение культуры "Централизованная библиотечная система" г. Сургут (Центральная городская библиотека им. А. С. Пушкина)
990 Данные о заказе (DOS) 00
j Количество экземпляров (DOS) 2; 3